000 00356nam a2200157Ia 4500
003 Ost
005 20260225132559.0
008 260225s9999||||xx |||||||||||||| ||und||
040 _cfsic
041 _afre
082 _a70.44
100 _aMICHEL TOPORKOFF
_eAuteur
245 0 _aDROIT DE LA CONCURENCE /
245 0 _cMICHEL TOPORKOFF
942 _cكتاب
999 _c34674
_d34674